| 000 | 00978cam a2200265 a 4500 | ||
|---|---|---|---|
| 001 | 000004365 | ||
| 005 | 20200929151430.0 | ||
| 008 | 820402s1984 mx 000 f spa | ||
| 020 | _a0517547287 | ||
| 020 | _a9686677100 | ||
| 040 |
_aDO-SdBNP _cDLC _dDLC |
||
| 041 | 1 | 7 |
_aspa _heng _2Código de idioma MARC |
| 082 |
_a813.54 _bA211d |
||
| 100 | 1 |
_aAdams, Henry, _d1838-1918. _912860 |
|
| 240 | 1 | 0 |
_aDemocracy, an american nobel _lEspañol |
| 245 | 1 | 0 |
_aDemocracia : _buna novela sobre política y corrupción / _cHenry Adams ; traducción de Manuel Ortiz Staines ; introducción, Noel Perrin. |
| 260 |
_aMéxico : _bPubligrafics, _c1984. |
||
| 300 |
_axvi, 276 p. ; _c21 cm. |
||
| 534 |
_aTítulo de la edición original : _tDemocracy, an american nobel |
||
| 650 | 4 |
_aNovela estadounidense _9262 |
|
| 650 | 4 |
_aLiteratura estadounidense _9263 |
|
| 700 | 1 |
_aPerrin, Noel, _eintr. _912861 |
|
| 700 | 1 |
_aOrtiz Staines, Manuel, _etr. _96144 |
|
| 910 | _aCatalogación por copia / LC | ||
| 999 |
_c4174 _d4174 |
||